| 000 | 02133nam a2200445 i 4500 | ||
|---|---|---|---|
| 003 | EG-GICUC | ||
| 005 | 20260121101636.0 | ||
| 008 | 260101s2025 ua ||||f m||| 00| 0 ara d | ||
| 040 |
_aEG-GICUC _cEG-GICUC _dEG-GICUC _erda _bara |
||
| 041 | 0 | _aara | |
| 049 | _aإيداع | ||
| 082 | 0 | 4 |
_a343.16 _221 |
| 097 | _aPh.D | ||
| 099 | _aLaw 10 PHD 2025 | ||
| 100 | 0 |
_aجاسم هيكل عبدالرحمن البلوشي _eمؤلف. |
|
| 245 | 1 | 0 |
_aالتنظيم القانونى للامر الجزائى فى القانون الاماراتى : _bدراسة تحليلية مقارنة / _cإعداد جاسم هيكل عبدالرحمن البلوشي ؛ اشراف احمد عوض بلال , عمر محمد سالم , محمد الدسوقي الشهاوي . |
| 264 | 0 |
_aالقاهرة: _bكلية الحقوق-جامعة القاهرة، _c2025. |
|
| 300 |
_a353 صفحة؛ _c24 سم _billustrations ; إيضاحيات ؛ _eCD. |
||
| 336 |
_atext _2rda content |
||
| 337 |
_aComputer _2rda media |
||
| 338 |
_aOnline Resource _2rda carrier |
||
| 502 | _aاطروحة (دكتوراة) - جامعة القاهرة، كلية الحقوق. قسم القانون الجنائي 2025 | ||
| 504 | _aببليوجرافيا: صفحات 341-349 | ||
| 546 | _aالملخص باللغة العربية | ||
| 650 | 0 | 7 |
_aالجزاء الجنائي _2qrmak _zالامارات |
| 653 | 0 | _aتنظيم قانوني | |
| 653 | 0 | _aالامر الجزائي | |
| 653 | 0 | _aالتشريع المقارن | |
| 653 | 0 | _aالسلطة المختصة | |
| 653 | 0 | _aشفوية المحاكم | |
| 655 | 4 |
_aرسائل جامعية _zجامعة القاهرة |
|
| 700 | 0 |
_aاحمد عوض بلال _eمشرف. |
|
| 700 | 0 |
_a عمر محمد سالم _eمشرف مشارك |
|
| 700 | 0 |
_aمحمد الدسوقي الشهاوي _eمشرف مشارك |
|
| 710 | 2 |
_aجامعة القاهرة _bكلية الحقوق |
|
| 856 | _uhttps://fll.law.cu.edu.eg/fulltext/th/T10-04276.pdf | ||
| 900 |
_b1938 _Uجامعة القاهرة _Fكلية الحقوق _Dقسم القانون الاداري |
||
| 905 | _a31 | ||
| 942 |
_2ddc _cTH _e21 _n0 |
||
| 999 | _c53905 | ||